| 000 | 00978nam a2200289Ia 4500 | ||
|---|---|---|---|
| 008 | 160803s9999 xx 000 0 und d | ||
| 020 | _a078682591X (library) | ||
| 100 | _aRappaport, Doreen | ||
| 245 | _aMartin's big words : | ||
| 245 | _b the life of Dr. Martin Luther King, Jr. / | ||
| 245 | _cDoreen Rappaport ; illustrated by Bryan Collier. | ||
| 260 | _aNew York : | ||
| 260 | _bScholastic Inc. | ||
| 260 | _c2001 | ||
| 300 | _a29 unnumbered : | ||
| 300 | _bcolor illustrations ; | ||
| 300 | _c29 cm | ||
| 500 | _aOriginally published : New York : Hyperion Books for Children, c2001. | ||
| 650 | _aAfrican Americans -- Biography -- | ||
| 650 | _aBaptists -- United States -- Clergy -- Biography -- | ||
| 650 | _aCivil rights workers -- United States -- Biography -- | ||
| 650 | _aKing, Martin Luther, Jr., 1929-1968. | ||
| 650 | _xJuvenile literature. | ||
| 650 | _xJuvenile literature. | ||
| 650 | _xJuvenile literature. | ||
| 700 | _a410 | ||
| 999 |
_c299216 _d299216 |
||